=LDR 00000nam 2200000 4500 =001 NUTBA000000000002086 =005 20140602152926.0 =006 =007 =008 =020 ##$$a 978-979-1276-71-9 =035 ##$$a 0010-061400000000029 =040 ##$$a NBPDMAT =082 ##$$a 745.5 =090 ##$$a 745.5 $b Bag m =100 ##$$a Bagas Shinugi =245 ##$$a Membuat aneka pigura / $c Bagas Shinugi =250 ##$$a Cet.2 =260 ##$$a Jakarta : $b Mediantara, $c 2010 =300 ##$$a 52 hlm. : $b ilus. ; $c 25 cm. =500 ##$$a Bibliografi : hlm. 52 =650 ##$$a Kerajinan Tangan =850 ##$$a NBPDMAT =990 ##$$a 21400337